000 00607nam a2200205 i 4500
001 C2-0200205
003 PPAK
005 20180728100537.0
008 990206s1956 io a|||| ||||| | may d
040 _aPPAK
_beng
_cPPAK
_erda
082 0 4 _a959.8
_2 23
090 0 0 _a959.8
_bTAM
_dKIH
245 0 0 _aTambo Keradjaan Sjriwidjaja :
_bsampai berakhirnya Kesultanan Palembang
264 1 _a[Bandung, Jakarta] :
_bPenerbit Tarate ,
_c1956
300 _a62 pages :
_billustrations ;
_c20 cm
336 _2rdacontent
_atext
337 _2rdamedia
_aunmediated
338 _2rdacarrier
_avolume
942 _ddc
_cB
999 _c156903
_d156903